Los dioses del Olimpo (Record no. 162148)

MARC details
000 -LEADER
campo de control de longitud fija 00943nam a22002055i 4500
001 - NÚMERO DE CONTROL
campo de control 162148
003 - IDENTIFICADOR DE NÚMERO DE CONTROL
campo de control ES-MaACL
005 - FECHA Y HORA DE LA ÚLTIMA TRANSACCIÓN
campo de control 20250930063142.0
008 - DATOS DE LONGITUD FIJA--INFORMACIÓN GENERAL
campo de control de longitud fija 990505s1864 sp |||| | spa d
040 ## - FUENTE DE CATALOGACIÓN
Centro catalogador/agencia de origen AN
Lengua de catalogación spa
Centro/agencia transcriptor AN
100 0# - ENTRADA PRINCIPAL--NOMBRE DE PERSONA
Nombre de persona Pina, Mariano,
Fechas asociadas al nombre 1820-1883
9 (RLIN) 92066
245 14 - MENCIÓN DEL TÍTULO
Título Los dioses del Olimpo
Resto del título : zarzuela en tres actos y en verso /
Mención de responsabilidad, etc. letra de D. Mariano Pina ; música de M. Offenbach.
260 ## - PUBLICACIÓN, DISTRIBUCIÓN, ETC.
Lugar de publicación, distribución, etc. Madrid :
Nombre del editor, distribuidor, etc. Centro General de Administracion,
Fecha de publicación, distribución, etc. 1864 (
Fabricante Imp. de Cristóbal Gonzalez)
300 ## - DESCRIPCIÓN FÍSICA
Extensión 76 p. ;
Dimensiones 18 cm.
500 ## - NOTA GENERAL
Nota general Representada por primera vez en Madrid en el Teatro de la Zarzuela, el 27 de marzo de 1864.
500 ## - NOTA GENERAL
Nota general Solo la letra.
700 0# - ENTRADA AGREGADA--NOMBRE PERSONAL
Nombre de persona Offenbach, Jacques.
9 (RLIN) 86559
852 ## - LOCALIZACIÓN
Ubicación ES-MaACL
Número de control de estantería D-1748(7)
Nota libre -- Enc. hol. conservando la cub. original
-- -- Legado M. de La Fuente
-- -- Enc. en un vol. facticio
-- .- Dedicatoria autógrafa del autor a Vicente Caltañazor
Holdings
Estatus retirado Estado de pérdida Estado de daño No para préstamo Colección Biblioteca de origen Biblioteca actual Ubicación en estantería Fecha de adquisición Total de préstamos Signatura topográfica completa Código de barras Visto por última vez Precio de reemplazo Tipo de ítem Koha
        Libros del s. XIX Biblioteca del Ateneo de Madrid Biblioteca del Ateneo de Madrid Sala Valle Inclán 17/01/2008   D-1748(7) 901169868 23/02/2023 23/02/2023 Libro impreso antiguo